Normal view
MARC view
- Gamble, Michael,
Entry Personal Name
001 - CONTROL NUMBER
- control field: 115
003 - CONTROL NUMBER IDENTIFIER
- control field: Nust
005 - DATE AND TIME OF LATEST TRANSACTION
- control field: 20170508122111.0
008 - FIXED-LENGTH DATA ELEMENTS
- fixed length control field: 170508|| aca||aabn | a|a d
040 ## - CATALOGING SOURCE
- Original cataloging agency: Nust
- Transcribing agency: Nust
100 ## - HEADING--PERSONAL NAME
- Personal name: Gamble, Michael,
670 ## - SOURCE DATA FOUND
- Source citation: Work cat.: (Nust)23602: Gamble, Michael,, Introducing mass communication, ,c1989
